000 00373nam a2200145Ia 4500
008 151213s9999 xx 000 0 und d
100 _aSh. Shaikat Mahmood
245 _aThe Limitation Act
_cSh. Shaikat Mahmood
260 _aLahore
_bLegal Resourch Centre
_c1990
300 _a2092 p.
650 _aLaw
650 _aLaw
700 _aSh. Shaikat Mahmood
999 _c1542
_d1542